| 000 | 00985nam a22002897a 4500 | ||
|---|---|---|---|
| 003 | DO-SdBPM | ||
| 005 | 20250602121108.0 | ||
| 008 | 170713b 1999 sp | 0 spa d | ||
| 020 | _a8437223539 | ||
| 040 |
_8 _aDO-SdBPM _bspa _cBPMSU |
||
| 082 | 4 |
_a823.8 _bA596l 1999 _222 |
|
| 100 | 1 |
_aAnholt, Laurence _d1959- |
|
| 240 |
_aLitle red riding wolf _lEspaƱol |
||
| 245 | 1 | 3 |
_aEl lobito Caperucito / _c Laurence Anholt ; ilustrado por Arthur Robins ; traducidución Carlo Frabetti |
| 246 | 1 | 4 |
_aEl lobito caperucito : _bhistorias de siempre contadas como nunca |
| 260 |
_aMadrid : _bAltea, _c1999 |
||
| 300 |
_a63 p. : _bil. ; _c21 cm. |
||
| 490 | 0 | _aHistoria de siempre contadas como nunca | |
| 590 | _aInventariado, 2025/VM | ||
| 600 | _2 | ||
| 650 | 4 | _aCuentos infantiles ingleses | |
| 650 | 4 |
_aLobos _vCuentos infantiles |
|
| 700 | 1 |
_aCarlo Frabetti _etraductor |
|
| 700 | 1 |
_aRobins, Arthur _eilustrador |
|
| 910 | _aVMateo V. Control de calidad. BPMSU | ||
| 942 |
_2ddc _cBK |
||
| 999 |
_c12581 _d12581 |
||